Normal view
MARC view
Entry Personal Name
001 - CONTROL NUMBER
- control field: 25949
003 - CONTROL NUMBER IDENTIFIER
- control field: dpl
005 - DATE AND TIME OF LATEST TRANSACTION
- control field: 20110214164500.0
008 - FIXED-LENGTH DATA ELEMENTS
- fixed length control field: 110214|||a|||||| | ||| d
040 ## - CATALOGING SOURCE
- Original cataloging agency: dpl
- Transcribing agency: dpl
100 ## - HEADING--PERSONAL NAME
- Personal name: राव, इन्दुमती
670 ## - SOURCE DATA FOUND
- Source citation: Work cat.: (dpl)32750: राव, इन्दुमती, विज्ञान सीखना /, 2009, 2010(भा.4)
670 ## - SOURCE DATA FOUND
- Source citation: Work cat.: (dpl)32750: राव, इन्दुमती, विज्ञान सीखना /, 2009, 2010(भा.4)
